书目信息 |
| 题名: |
免疫学基础与病原生物学
|
|
| 作者: | 肖运本 主编 | |
| 分册: | ||
| 出版信息: | 北京 人民卫生出版社 1997 |
|
| 页数: | 231页 | |
| 开本: | 26cm | |
| 丛书名: | ||
| 单 册: | ||
| 中图分类: | R392-43 , R37-43 | |
| 科图分类: | ||
| 主题词: | 免疫学--专业学校--教材 , 病原微生物--专业学校--教材 | |
| 电子资源: | ||
| ISBN: | 7-117-02554-9 | |
| 000 | 00852nam0 2200265 450 | |
| 001 | 0100600115 | |
| 005 | 20101115151831.0 | |
| 010 | @a7-117-02554-9@dCNY15.00 | |
| 011 | @a7-117-02554-9 | |
| 100 | @a20021005d1997 em y0chiy0110 ea | |
| 101 | 0 | @achi |
| 102 | @aCN@b110000 | |
| 105 | @af z 000yy | |
| 106 | @ar | |
| 200 | 1 | @a免疫学基础与病原生物学@9Mian Yi Xue Ji Chu Yu Bing Yuan Sheng Wu Xue @f肖运本主编@b专著 |
| 210 | @a北京@c人民卫生出版社@d1997 | |
| 215 | @a231页@c彩图@d26cm | |
| 300 | @a卫生部规划教材 全国中等卫生学校教材 供社区医学、护理、口腔医学、妇幼卫生、助产、预防医学专业用 | |
| 606 | 0 | @a免疫学@x专业学校@x教材 |
| 606 | 0 | @a病原微生物@x专业学校@x教材 |
| 690 | @aR392-43@v3 | |
| 690 | @aR37-43@v3 | |
| 701 | 0 | @a肖运本@9xiao yun ben@4主编 |
| 801 | 0 | @aCN@bAiZhiMarc@c19971112 |
| 905 | @aBZT@dR392-43@e3@f7@sR392-43/3 | |
| 免疫学基础与病原生物学/肖运本主编.-北京:人民卫生出版社,1997 |
| 231页:彩图;26cm |
| 卫生部规划教材 全国中等卫生学校教材 供社区医学、护理、口腔医学、妇幼卫生、助产、预防医学专业用 |
| ISBN 7-117-02554-9:CNY15.00 |
| ● |
| 相关链接 |
|
|
|
正题名:免疫学基础与病原生物学
索取号:R392-43/3
 
预约/预借
| 序号 | 登录号 | 条形码 | 馆藏地/架位号 | 状态 | 备注 |
| 1 | 2000019907 | 2000019907 | 旧书回溯/ [索取号:R392-43/3] | 在馆 | |
| 2 | 2000021372 | 2000021372 | 旧书回溯/ [索取号:R392-43/3] | 在馆 | |
| 3 | 2000021373 | 2000021373 | 旧书回溯/ [索取号:R392-43/3] | 在馆 | |
| 4 | 2000061763 | 2000061763 | 旧书回溯/ [索取号:R392-43/3] | 在馆 | |
| 5 | 2000061764 | 2000061764 | 旧书回溯/ [索取号:R392-43/3] | 在馆 | |
| 6 | 2000061765 | 2000061765 | 旧书回溯/ [索取号:R392-43/3] | 在馆 | |
| 7 | 2000131316 | 2000131316 | 旧书回溯/ [索取号:R392-43/3] | 在馆 |